| 000 | 01353nac a22003011u 4500 | ||
|---|---|---|---|
| 010 | _a 2006003628 | ||
| 020 | _a1593700504 (hardcover : alk. paper) | ||
| 020 | _a9781593700508 (hardcover : alk. paper) | ||
| 035 | _a(OCoLC)ocm63679964 | ||
| 035 | _a(OCoLC)63679964 | ||
| 082 | 0 | 0 |
_a333.794091724 _bFER |
| 090 |
_c8593 _d8593 |
||
| 100 | _aFerrey, Steven. | ||
| 245 | 1 | 0 |
_aRenewable power in developing countries : winning the war on global warming / _bwinning the war on global warming / _cSteven Ferrey with Anil Cabraal. |
| 260 |
_aTulsa, OK : _bPennWell Corporation,2006 _cc2006. |
||
| 300 |
_axxvi, 363 p. ; _c24 cm. _bill.; |
||
| 500 | _aDistributer: Bacca | ||
| 504 | _aIncludes bibliographical references and index. | ||
| 511 | _aCatalogued by: Sara | ||
| 650 | 0 |
_aEnergy policy _zDeveloping countries. |
|
| 650 | 0 |
_aEnergy industries _zDeveloping countries. |
|
| 650 | 0 |
_aElectric power production _xEnvironmental aspects _zDeveloping countries. |
|
| 650 | 0 |
_aGlobal warming _xGovernment policy _zDeveloping countries. |
|
| 700 | 1 | _aCabraal, R. Anil. | |
| 856 | 4 | 1 |
_3Table of contents only _uhttp://www.loc.gov/catdir/toc/ecip067/2006003628.html |
| 942 |
_cBB _k333.794091724FER |
||
| 999 |
_c8593 _d8593 |
||